000 00391nam a2200133Ia 4500
008 100328s9999 xx 000 0 und d
082 _b67399
100 _aठाकूर दिलीप.
245 _aतीन देवियाँ.
260 _bनवचैतन्य.
630 _aतीन देवियाँ.
730 _aतीन देवियाँ.
942 _cBOOK
999 _c553138
_d553135